000
00295nam a22001217a 4500
020
_a
9788120343665
082
_a
070.4
100
_a
Arnold S.De Beer
245
_a
Global journalism topical issues and media systems
260
_a
New Delhi
_b
PHI learning
_c
2011
300
_a
482p
942
_c
BK
999
_c
2578
_d
2578